[Event "Bingo!!!"]
[Site "http://www.queenalice.com/game.php?id=777301"]
[Date "2010.5.18"]
[Round "-"]
[White "NINfem"]
[Black "BFBear"]
[Result "0-1"]
[WhiteElo "1184"]
[BlackElo "1719"]

1. d4 d5 2. Nc3 e6 3. Nf3 h6 4. Ne5 Nf6 5. b4 Bxb4 6. Qd3 Ne4 7. Bd2 Nxd2 8.
Qxd2 Qf6 9. Rb1 Bd6 10. a4 Bxe5 11. dxe5 Qxe5 12. f4 Qf6 13. g3 Nc6 14. Nb5 Qe7
15. Bh3 a6 16. Nd4 Nxd4 17. Qxd4 O-O 18. O-O c5 19. Qf2 c4 20. c3 Bd7 21. Rb4
Bc6 22. a5 Qd8 23. e3 Qxa5 24. f5 Qa3 25. Qc2 a5 26. Rbb1 Ba4 27. Qf2 Rab8 28.
fxe6 f6 29. Ra1 Qb3 30. Rfb1 Qc2 31. Qe1 b5 32. Rc1 Qe4 33. Qf2 Ra8 34. Rd1 Bxd1
35. Rxd1 b4 36. Rd4 Qe5 37. Qb2 b3 38. Qa3 Qxe3+ 39. Kg2 Qe5 40. e7 Rfe8 41. Qc5
Rxe7 42. Rxd5 Qe2+ 43. Qf2 Qxf2+ 44. Kxf2 a4 45. Rc5 a3 46. Rxc4 a2 47. Rb4 a1=Q
48. Rxb3 Qe1+ 49. Kf3 Re3+ 50. Kf4 Qf2+ 51. Kg4 Re4+ 52. Kh5 Qc5+ 53. Kg6 Qg5#
0-1

[Event "Challenge"]
[Site "http://www.queenalice.com/game.php?id=784501"]
[Date "2010.6.2"]
[Round "-"]
[White "NINfem"]
[Black "BFBear"]
[Result "0-1"]
[WhiteElo "1182"]
[BlackElo "1770"]

1. e4 e5 2. Nf3 d6 3. d3 h6 4. Nc3 a6 5. Be2 Be6 6. O-O Nf6 7. Nd5 Nxd5 8. Qd2
Nf6 9. b3 Nc6 10. Nh4 Nxe4 11. Qe3 Nc3 12. Bh5 Qxh4 13. g4 Bxg4 14. Bd2 Nd5 15.
Qe1 Bxh5 16. f3 Qxe1 17. Bxe1 Nf4 18. Rf2 Nh3+ 19. Kf1 Nxf2 20. Bxf2 Bxf3 21.
Re1 Nd4 22. Be3 Nxc2 23. Re2 Bxe2+ 24. Kxe2 d5 25. Bc1 Bb4 26. Kd1 Nd4 27. h3
O-O 28. a3 Bd6 29. b4 Rfe8 30. h4 e4 31. Kd2 e3+ 32. Kc3 Nb5+ 33. Kb3 e2 34. Bd2
Bf4 35. Be1 Re3 36. Kc2 Nxa3+ 37. Kd2 Rae8 38. d4 Rh3# 0-1

[Event "Challenge"]
[Site "http://www.queenalice.com/game.php?id=800866"]
[Date "2010.7.9"]
[Round "-"]
[White "BFBear"]
[Black "NINfem"]
[Result "1-0"]
[WhiteElo "1772"]
[BlackElo "1180"]

1. d4 d5 2. Nc3 Be6 3. Bf4 Na6 4. a3 f6 5. h3 g5 6. Bg3 Qd7 7. e3 Nh6 8. Bd3
O-O-O 9. Qe2 f5 10. Bxa6 Qc6 11. Bd3 Rg8 12. Nb5 a6 13. Na7+ Kd7 14. Nxc6 Kxc6
15. Qd2 b6 16. Bxa6 Ra8 17. Qc3+ Kd7 18. Bb5+ Kc8 19. Qxc7# 1-0

[Event "Challenge"]
[Site "http://www.queenalice.com/game.php?id=809938"]
[Date "2010.7.28"]
[Round "-"]
[White "BFBear"]
[Black "NINfem"]
[Result "1-0"]
[WhiteElo "1764"]
[BlackElo "1178"]

1. e4 e5 2. Nf3 Nc6 3. a3 d6 4. h3 Qf6 5. Nc3 Be6 6. d3 Rd8 7. Bg5 Qg6 8. Bxd8
Nxd8 9. Nb5 Kd7 10. Nxa7 Be7 11. Nb5 Qf6 12. Qd2 h6 13. Qc3 c6 14. Na7 d5 15.
exd5 cxd5 16. Nxe5+ Kd6 17. Nb5# 1-0

[Event "Challenge"]
[Site "http://www.queenalice.com/game.php?id=813692"]
[Date "2010.8.5"]
[Round "-"]
[White "NINfem"]
[Black "BFBear"]
[Result "0-1"]
[WhiteElo "1176"]
[BlackElo "1766"]

1. f4 e6 2. e4 Qf6 3. d3 Nc6 4. Be3 Nge7 5. Nc3 Ng6 6. Qd2 a6 7. a3 Nd4 8. Rc1
h6 9. g3 b6 10. Nh3 Nf3+ 11. Ke2 Nxd2 12. Kxd2 Bb7 13. b4 a5 14. bxa5 Rxa5 15.
d4 Rxa3 16. Rb1 Bc5 17. Kd3 Ba6+ 18. Kd2 Bxf1 19. Rhxf1 Bxd4 20. Kd3 Rxc3+ 21.
Ke2 Rxe3+ 22. Kd2 Ra3 23. e5 Qf5 24. Ke2 Qxc2+ 0-1

[Event "Challenge"]
[Site "http://www.queenalice.com/game.php?id=814193"]
[Date "2010.8.6"]
[Round "-"]
[White "NINfem"]
[Black "BFBear"]
[Result "0-1"]
[WhiteElo "1189"]
[BlackElo "1820"]

1. a3 d5 2. d4 Bf5 3. Nf3 Nf6 4. e3 e6 5. c3 a6 6. Nbd2 h6 7. h3 Nc6 8. Ne5 Nxe5
9. dxe5 Nd7 10. Nf3 Be4 11. c4 Bxf3 12. gxf3 Nxe5 13. f4 Ng6 14. Rg1 dxc4 15.
Bd2 b5 16. Qc2 Nh4 17. O-O-O Nf3 18. Rg3 Nxd2 19. Rxd2 Qf6 20. Be2 Bd6 21. Rg1
O-O 22. Bf3 Rab8 23. Rh1 e5 24. Rhd1 exf4 25. exf4 Bxf4 26. h4 Bxd2+ 27. Rxd2
Qxf3 28. h5 Rbd8 29. Rxd8 Rxd8 30. Qc3 Qd1# 0-1

[Event "Challenge"]
[Site "http://www.queenalice.com/game.php?id=820348"]
[Date "2010.8.19"]
[Round "-"]
[White "NINfem"]
[Black "BFBear"]
[Result "0-1"]
[WhiteElo "1187"]
[BlackElo "1830"]

1. c4 c5 2. b3 Nc6 3. Nc3 Nf6 4. d3 g6 5. Be3 Bg7 6. Nf3 d5 7. cxd5 Nxd5 8. d4
Nxc3 9. Qc1 cxd4 10. Bxd4 Bxd4 11. Nxd4 Qxd4 12. Qd2 Qe5 13. Rc1 Nd5 14. e3 O-O
15. Bc4 Nf6 16. O-O Ng4 17. h3 Qh2# 0-1

[Event "Challenge"]
[Site "http://www.queenalice.com/game.php?id=822610"]
[Date "2010.8.24"]
[Round "-"]
[White "BFBear"]
[Black "NINfem"]
[Result "1-0"]
[WhiteElo "1848"]
[BlackElo "1185"]

1. d4 d5 2. Bf4 Nc6 3. c3 Nf6 4. Nf3 e6 5. Ne5 Nh5 6. Nxc6 bxc6 7. Bd2 Ba6 8. g3
g5 9. Bg2 Bh6 10. e3 f6 11. Qxh5+ Ke7 12. Qxh6 Qf8 13. Qh5 Bd3 14. Qg4 Rb8 15.
b3 a5 16. e4 dxe4 17. Bxe4 Bb5 18. c4 Ba6 19. Bxa5 Kd7 20. Qf3 Ke7 21. Bxc6 Bb7
22. Bb4+ Kf7 23. Bxf8 Rhxf8 24. Bxb7 Kg8 25. O-O Rbe8 26. Nc3 Re7 27. Rfe1 Ref7
28. Rxe6 Kg7 29. Rae1 f5 30. Qh5 Rf6 31. Qxg5+ Kh8 32. Rxf6 Rg8 33. Qxf5 Rg7 34.
Re8+ Rg8 35. Rxg8+ Kxg8 36. Qg5+ Kh8 37. Rf8# 1-0

[Event "Challenge"]
[Site "http://www.queenalice.com/game.php?id=827865"]
[Date "2010.9.4"]
[Round "-"]
[White "BFBear"]
[Black "NINfem"]
[Result "1-0"]
[WhiteElo "1846"]
[BlackElo "1183"]

1. e4 e5 2. d4 exd4 3. Qxd4 Nc6 4. Qc4 Qe7 5. Nf3 d6 6. Bg5 Qe6 7. Qxe6+ fxe6 8.
Nc3 h6 9. Be3 Be7 10. Bd3 Bd7 11. O-O O-O-O 12. a3 Nf6 13. h3 g5 14. Bb5 a6 15.
Bxc6 Bxc6 16. Nd2 Nd7 17. f3 Rhg8 18. a4 Bf6 19. Ra3 a5 20. Nc4 b6 21. Rd1 Ne5
22. Nxe5 dxe5 23. Raa1 Be7 24. b3 Rg6 25. Rxd8+ Kxd8 26. Rd1+ Bd6 27. Nb5 h5 28.
Nxd6 cxd6 29. Bxb6+ Kd7 30. Bxa5 Rg8 31. Bb6 d5 32. exd5 exd5 33. a5 d4 34. c3
Bb5 35. cxd4 exd4 36. Rxd4+ Kc6 37. b4 Rg6 38. f4 gxf4 39. Rxf4 Bd3 40. Bc5 Kb5
41. Rd4 Bf5 42. Kh2 Re6 43. Rd5 Be4 44. Rxh5 Kc4 45. Rh4 Kd3 46. Rg4 Re5 47. a6
Bf5 48. Rd4+ Ke3 49. Rd5+ Ke4 50. Rxe5+ Kxe5 51. a7 Be4 52. h4 Kf5 53. Kh3 Kg6
54. g4 Kh7 55. g5 Bf3 56. Kg3 Bd5 57. h5 Kg7 58. Kf4 Kf7 59. Kf5 Ke8 60. g6 Kd7
61. h6 Kc6 62. h7 Kb5 63. h8=Q Kc4 64. Qd4+ 1-0

[Event "Challenge"]
[Site "http://www.queenalice.com/game.php?id=831150"]
[Date "2010.9.10"]
[Round "-"]
[White "Muelli"]
[Black "NINfem"]
[Result "1-0"]
[WhiteElo "1438"]
[BlackElo "1164"]

1. e4 e5 2. Nf3 d6 3. d4 f6 4. Nc3 Nc6 5. d5 Nd4 6. Nxd4 exd4 7. Nb5 Be7 8. Qxd4
a6 9. Na7 c5 10. Qa4+ Bd7 11. Nc6 Qb6 12. Qa5 Qb5 13. Bxb5 bxc6 14. dxc6 Rb8 15.
cxd7+ Kf8 16. Qxa6 Rd8 17. Bf4 g5 18. Bxd6 Re8 19. dxe8=Q+ Kg7 20. Bxe7 Nxe7 21.
Qxe7+ Kh6 22. Qexf6+ 1-0

[Event "Challenge"]
[Site "http://www.queenalice.com/game.php?id=835351"]
[Date "2010.9.20"]
[Round "-"]
[White "BFBear"]
[Black "NINfem"]
[Result "1-0"]
[WhiteElo "1857"]
[BlackElo "1181"]

1. e4 e5 2. Qf3 Nf6 3. Bc4 Nc6 4. d3 a6 5. Bg5 h6 6. Bxf6 gxf6 7. Qh5 Rh7 8. Nc3
b5 9. Bd5 d6 10. Bxc6+ Bd7 11. Bxa8 Qxa8 12. Nd5 c6 13. Nc7+ Kd8 14. Nxa8 d5 15.
exd5 cxd5 16. Nb6 Be8 17. Nxd5 Kd7 18. Nxf6+ Ke7 19. Nxh7 Bg7 20. Qg4 Kd6 21.
Qxg7 f5 22. Qxh6+ Kd5 23. Nf6+ Kc6 24. Nxe8+ Kc5 25. Nc7 Kd4 26. Qd6# 1-0

[Event "Challenge"]
[Site "http://www.queenalice.com/game.php?id=835637"]
[Date "2010.9.21"]
[Round "-"]
[White "BFBear"]
[Black "NINfem"]
[Result "1-0"]
[WhiteElo "1848"]
[BlackElo "1159"]

1. d4 d5 2. e3 e6 3. Nf3 Nf6 4. g3 a6 5. Bg2 h6 6. b3 Ne4 7. O-O Nc6 8. Nbd2 Nd6
9. Ba3 Be7 10. Rc1 O-O 11. c4 dxc4 12. Nxc4 Ne8 13. Bxe7 Qxe7 14. Nfe5 Nb4 15.
a3 Na2 16. Rc2 b5 17. Bxa8 bxc4 18. Nxc4 Bd7 19. Rxa2 Nf6 20. Bf3 Nd5 21. Bxd5
exd5 22. Ne5 Be6 23. b4 f6 24. Ng6 Qf7 25. Nxf8 Kxf8 26. Rc2 Bh3 27. Re1 Qg6 28.
Rxc7 Qe4 29. f3 Qe8 30. Qc2 g5 31. Qh7 Qh5 32. Qh8# 1-0

[Event "Challenge"]
[Site "http://www.queenalice.com/game.php?id=838023"]
[Date "2010.9.26"]
[Round "-"]
[White "helenaeyng"]
[Black "NINfem"]
[Result "1-0"]
[WhiteElo "1359"]
[BlackElo "1157"]

1. e4 e5 2. Nf3 d5 3. d3 c6 4. Nxe5 f6 5. Nf3 Ne7 6. Bf4 Na6 7. Nc3 Ng6 8. Be2
Nxf4 9. O-O h5 10. g3 Nxe2+ 11. Qxe2 Be6 12. exd5 cxd5 13. Nxd5 Qxd5 14. c4 Qf5
15. Nd4 Qe5 16. Qxe5 fxe5 17. Nxe6 Bd6 18. Nxg7+ Kf7 19. Nf5 Bb4 20. a3 Bd2 21.
Rad1 Bg5 22. f4 Rae8 23. Nd6+ Kf8 24. fxg5+ Ke7 25. Nxe8 Rxe8 26. Rfe1 Nc7 27.
Rxe5+ Kf8 28. Rf1+ Kg7 29. Ref5 Rf8 30. Rxf8 Ne6 31. R8f7+ Kh8 32. g6 Kg8 33.
Rxb7 Nc5 34. Rxa7 Nxd3 35. g7 1-0

[Event "Challenge"]
[Site "http://www.queenalice.com/game.php?id=853378"]
[Date "2010.11.1"]
[Round "-"]
[White "BFBear"]
[Black "NINfem"]
[Result "1-0"]
[WhiteElo "1877"]
[BlackElo "1171"]

1. e4 e5 2. Qf3 Nf6 3. Nc3 a6 4. a3 Nc6 5. Bc4 Be7 6. d3 Nd4 7. Qd1 b5 8. Ba2 d6
9. h3 c5 10. Nf3 Rb8 11. Nxd4 cxd4 12. Ne2 Bb7 13. Ng3 Bc8 14. Qf3 Rb6 15. Nh5
O-O 16. Nxf6+ Bxf6 17. Bd2 Rc6 18. Bd5 Rxc2 19. Rb1 h6 20. Bb4 Bg5 21. O-O a5
22. Be1 Bc1 23. Qd1 Qc7 24. Bxa5 Qc5 25. Rxc1 b4 26. Bxb4 Qc7 27. Rxc2 Qb7 28.
Bxb7 Bxb7 29. Rc7 Ba6 30. Qb3 h5 31. Bxd6 Rd8 32. Qxf7+ 1-0

[Event "Lucky December"]
[Site "http://www.queenalice.com/game.php?id=860810"]
[Date "2010.11.19"]
[Round "-"]
[White "NINfem"]
[Black "BFBear"]
[Result "0-1"]
[WhiteElo "1169"]
[BlackElo "1879"]

1. e4 e5 2. Nf3 d6 3. c4 Nf6 4. Nc3 Nc6 5. a3 g6 6. h3 Bg7 7. Nd5 Nxe4 8. d3 Nc5
9. Bg5 Qd7 10. Nf6+ Bxf6 11. Bxf6 Rg8 12. Ng5 h6 13. Ne4 Nxe4 14. dxe4 g5 15.
Qf3 Qe6 16. g4 Nd4 17. Qe3 Qxf6 18. Rd1 Qf3 19. Rxd4 Qxh1 20. Rd1 Qh2 21. Rd5
Qf4 22. Qe2 Qc1+ 23. Rd1 Qf4 24. f3 Bd7 25. b3 a6 26. a4 b5 27. cxb5 axb5 28.
axb5 Rb8 29. b4 Bxb5 30. Rd3 Bxd3 31. Qxd3 Rxb4 32. Ke2 Rb2+ 33. Ke1 Qc1+ 34.
Qd1 Qxd1+ 35. Kxd1 Ke7 36. Kc1 Rh2 37. Kd1 Ra8 38. Be2 Ra2 39. Ke1 Ra1+ 40. Kd2
Rxh3 41. Kc3 Rhh1 42. Kc4 c6 43. Kc3 Rh2 44. Bc4 Rf2 45. Kd3 Rxf3+ 46. Ke2 Rh3
0-1

[Event "Challenge"]
[Site "http://www.queenalice.com/game.php?id=860812"]
[Date "2010.11.19"]
[Round "-"]
[White "marcito"]
[Black "NINfem"]
[Result "1-0"]
[WhiteElo "1544"]
[BlackElo "1165"]

1. d4 d5 2. Nf3 Nc6 3. e3 Be6 4. c3 Qd6 5. Nbd2 Na5 6. Bd3 g6 7. O-O O-O-O 8.
Ne5 Nh6 9. Ndf3 f6 10. Qa4 Qb6 11. b4 Nc4 12. Nxc4 Qc6 13. Qxa7 Kd7 14. Na5 Qd6
15. Nxb7 Qb6 16. Qa4+ Kc8 17. Ba6 Rd6 18. Nxd6+ Kb8 19. Nb7 c6 20. Rb1 Ka7 21.
Nc5 Bf5 22. Rb2 Kb8 23. b5 Kc7 24. bxc6 e5 25. Rxb6 Kxb6 26. Qb5+ Kc7 27. Qb7+
Kd6 28. Ba3 Ng4 29. Ne6+ Kxe6 30. Qd7# 1-0

[Event "No news is good news?"]
[Site "http://www.queenalice.com/game.php?id=863682"]
[Date "2010.11.25"]
[Round "-"]
[White "NINfem"]
[Black "BFBear"]
[Result "0-1"]
[WhiteElo "1167"]
[BlackElo "1881"]

1. e4 e5 2. Nh3 d6 3. Bc4 Bxh3 4. gxh3 Qh4 5. Qf3 Nf6 6. Nc3 Qf4 7. Qe2 a6 8.
Nd5 Nxd5 9. Bxd5 c6 10. Bb3 g6 11. Qc4 Be7 12. Rf1 O-O 13. d3 Qf6 14. Bh6 b5 15.
Qb4 c5 16. Qa5 Bd8 17. Qd2 Re8 18. h4 Qxh4 19. Bd5 Ra7 20. Kd1 g5 21. Rg1 Qxh6
22. h4 Qxh4 23. a4 Qh5+ 24. Kc1 g4 25. axb5 Bg5 26. Kd1 Bxd2 27. Kxd2 Ree7 28.
Rg3 axb5 29. Rag1 Qg5+ 30. Kd1 Ra1+ 31. Ke2 Rxg1 32. Rxg1 h5 33. b3 Ra7 34. c4
Ra2+ 35. Kf1 h4 36. cxb5 h3 37. b6 Qc1# 0-1

[Event "hitler!!"]
[Site "http://www.queenalice.com/game.php?id=868101"]
[Date "2010.12.5"]
[Round "-"]
[White "NINfem"]
[Black "BFBear"]
[Result "0-1"]
[WhiteElo "1163"]
[BlackElo "1883"]

1. d4 d5 2. e3 a6 3. Nc3 e6 4. Nf3 Nc6 5. Ng5 Qxg5 6. Ne2 Bb4+ 7. Bd2 Bxd2+ 8.
Qxd2 Nge7 9. f4 Qf5 10. Ng3 Qg4 11. Bd3 f5 12. Qe2 Qxe2+ 13. Kxe2 Nb4 14. a4
Nxd3 15. cxd3 O-O 16. b3 Nc6 17. Rac1 Rf7 18. Rc3 Nb4 19. Rd1 a5 20. h4 b6 21.
h5 Ba6 22. Ke1 h6 23. Kf2 Rc8 24. Rh1 Nxd3+ 25. Ke2 Nxf4+ 26. Kf3 Nd3 27. Rf1 c5
28. Ne2 c4 29. bxc4 Bxc4 30. Nf4 Nxf4 31. Rfc1 Nxh5 32. g3 Nf6 33. Kf4 Ne4 34.
R3c2 Rb8 35. Rg2 b5 36. g4 fxg4+ 37. Kxg4 bxa4 38. Ra1 Bb3 39. Kh5 Rf5+ 40. Kg4
Rg5+ 41. Kh3 Rxg2 42. Kxg2 Rf8 43. Kh3 Ng5+ 44. Kh4 Rf3 45. Kh5 Kh7 46. Rc1 Rxe3
47. Kg4 Re4+ 48. Kg3 Rxd4 49. Kf2 Re4 50. Kf1 Re3 51. Kf2 d4 52. Rc5 Ne4+ 53.
Kg2 Nxc5 54. Kg1 a3 0-1